000 00446nam a2200157 i 4500
001 79461
003 ES-MaACL
005 20230906174000.0
007 t|
008 041021s1967 sp ||||1| spa d
100 1 _aHera, Alberto de la.
_962625
245 1 0 _aIntroducción a la ciencia del Derecho Canónico /
_cAlberto de la Hera.
260 _aMadrid :
_bTecnos,
_c[1967]
300 _a333 p. ;
_c22 cm.
852 _aES-MaACL
_jC-33267
_bR.63831
999 _c79461
_d79461